Ethics for Information Age
Na minha lista:
| Autor principal: | |
|---|---|
| Formato: | Livro |
| Idioma: | inglês |
| Publicado em: |
Boston :
Pearson Education Limited,
2006
|
| Assuntos: | |
| Tags: |
Sem tags, seja o primeiro a adicionar uma tag!
|
MARC
| LEADER | 00000nam a22000003a 4500 | ||
|---|---|---|---|
| 001 | stu122011 | ||
| 005 | 20150617225858.0 | ||
| 008 | 060627s2006----xxu-----------------eng-d | ||
| 020 | |a 0-321-37334-0 | ||
| 040 | |a STU |b slo | ||
| 041 | 0 | |a eng | |
| 044 | |a xxu | ||
| 080 | |a 621.39 |7 stu_us_auth*stu8291 | ||
| 080 | |a 174.7 | ||
| 100 | 1 | |a Quinn, Michael J |4 aut | |
| 245 | 1 | |a Ethics for Information Age | |
| 260 | |a Boston : |b Pearson Education Limited, |c 2006 | ||
| 300 | |a 484 s | ||
| 650 | 7 | |a informatika |2 stusub | |
| 650 | 7 | |a etika podnikania |2 stusub | |
| 996 | |b 284EK86344 |c R*86344 |l RRUM |s A |a 24 |w stu122011_0001 | ||